00648 2200241 4500001002100000005001700021008004100038020002200079035002400101040001200125082001900137084001900156090001900175100002300194245002900217260002800246300003900274650003000313850001200343990001700355990001700372990001700389INLIS00000000000008620140930094711.0  a978-0-8048-3370-7 0010-091400000000033 aYOPDYOG aT 420.14 Con M aT 420.14 Con M aT 420.14 Con M aCONSTANTINE, Peter aMaking out in Indonesian aSingaporebTuttlec2003 a80 hlm.b: ilus. ;c19 cm [3 eks.] aBahasa Inggris percakapan aYOPDYOG a8029-PD/B.14 a8030-PD/B.14 a8031-PD/B.14